Religion of Java. (Record no. 645)

MARC details
000 -LEADER
fixed length control field 00608nam a2200241 a 4500
020 ## - INTERNATIONAL STANDARD BOOK NUMBER
ISBN
082 00 - DEWEY DECIMAL CLASSIFICATION NUMBER
Classification number 297.09598
Author Cutter GEE
100 ## - MAIN ENTRY--AUTHOR NAME
Author name Geertz, Clifford
245 ## - TITLE STATEMENT
Title Religion of Java.
260 ## - PUBLICATION, DISTRIBUTION, ETC. (IMPRINT)
Place of publication London
Name of publisher Free Press of Glencoe
Year of publication 1960
300 ## - PHYSICAL DESCRIPTION
Number of Pages 392p.
500 ## - GENERAL NOTE
General note includes index and biblioraphy
505 2# - FORMATTED CONTENTS NOTE
Formatted contents note Notes, Dates, Biblical passages, and index
650 ## - SUBJECT ADDED ENTRY--TOPICAL TERM
Topical Term Islam-Indonesia
942 ## - ADDED ENTRY ELEMENTS (KOHA)
Koha item type Books
700 1# -
-- Geertz, Clifford
Holdings
Collection code Home library Current library Date acquired Cost, normal purchase price Full call number Accession Number Koha item type
  Henry Martyn Institute Library Henry Martyn Institute Library 07/26/2007 100.00 297.09598 GEE 02415 Books
                   Copyright © 2026 | Henry Martyn Institute | Hyderabad | TS-500052 | INDIA | Implemented by hmi.edu.in
Hit-Count:

Powered by Koha